Guess the Famous People from their Eyes #38 - Statistics

General Stats
  • This quiz has been taken 78 times
  • The average score is 4 of 16
Answer Stats
Picture Answer % Correct
Cynthia Erivo
61%
Tom Felton
58%
Kesha
57%
Miles Teller
36%
Sting
33%
Clark Gable
30%
Luis Suarez
30%
Wiz Khalifa
22%
Kenny Rogers
17%
Milly Alcock
16%
Ellie Goulding
14%
Rita Hayworth
13%
Kareem Abdul-Jabbar
12%
Rose Leslie
9%
Brooklyn Decker
4%
Jhené Aiko
3%
No matching quizzes found
Score Distribution
Percent of People with Each Score
Percentile by Number Answered
Your Score History
You have not taken this quiz